000 01840nam a2200325 a 4500
001 000013741
005 20200929163330.0
008 091118s2012 dr abc 000 0 spa d
020 _a9789945116458 (v. 2)
020 _a9789945117295 (v. 1)
040 _aDO-SdBNP
_bspa
_cBNPHU
082 _axxxx
_bxxxx
100 1 _aAlmonte Ysiano, Ana Iris
_931190
245 1 0 _aSociedad 8 :
_beducación básica /
_cAna Iris Almonte Ysiano ... [et al] ; dirección editorial Obdulia García de Escobar; ilustración José Amado Polanco.
260 _aSanto Domingo :
_bSantillana,
_c2012.
300 _av. :
_bil., maps., retrs. ;
_c28 cm.
490 1 _aInnova
500 _aEducación básica
505 0 _gv.1 :
_gunidad 1 --
_tPrincipios del siglo XX --
_gunidad 2 --
_tLas pugnas caudillistas --
_gunidad 3 --
_tLa intervención norteamericana --
_gunidad 4 --
_tLa dictadura de Trujillo --
_gunidad 5 --
_tOposición y caída de la dictadura --
_gunidad 6 --
_tEl Caribe entre 1900 y 1970 --
_gunidad 7 --
_tEl país entre 1961 y 1965 --
_gunidad 8 --
_tLos gobiernos de Balaguer --
_gunidad 9 --
_tLos gobiernos desde 1978 hasta el 2008 --
_gunidad 10 --
_tLa economía dominicana hoy --
_gunidad 11 --
_tLa cultura dominicana --
_gunidad 12 --
_tLa organización del espacio /
_rAna Iris Almonte Ysiano --
_rEric Castro Ricart --
_gv. 2 :
_tGuía recursos didácticos para el profesorado.
590 _aInventariado, 2019/VM
700 1 _aMorel Bross, Beatrice
_931191
700 1 _aCastro Ricart, Eric --
_923170
700 1 _aRobles Florentino, Eladio Antonio --
_931192
700 1 _aRamos Santos, Henry
_931174
700 1 _aCapellán Almonte, Fanny
_929766
700 1 _aAlcántara, Francisca
_931193
700 1 _aPolanco, José Amado
_eil.
_923172
700 1 _aGarca Escobar, Obdulia,
_edir. ed.
_929770
830 0 _aInnova (República Dominicana)
_931194
999 _c13354
_d13354